Fr. Conceicao Rodrigues College of Engineering

Learning PHP 5 (Record no. 32682)

MARC details
000 -LEADER
fixed length control field 00325nam a2200169Ia 4500
082 ## - DEWEY DECIMAL CLASSIFICATION NUMBER
Classification number 5.183
Item number SKL
100 ## - MAIN ENTRY--PERSONAL NAME
Personal name Sklar/David
245 ## - TITLE STATEMENT
Title Learning PHP 5
260 ## - PUBLICATION, DISTRIBUTION, ETC.
Name of publisher, distributor, etc. Oreilly
Date of publication, distribution, etc. 2004
366 ## - TRADE AVAILABILITY INFORMATION
Publishers's discount category 20
300 ## - PHYSICAL DESCRIPTION
Extent 348
546 ## - LANGUAGE NOTE
Language note ENGLISH
-- electronics
650 ## - SUBJECT ADDED ENTRY--TOPICAL TERM
Topical term or geographic name entry element PHP
654 ## - SUBJECT ADDED ENTRY--FACETED TOPICAL TERMS
Focus term PHP
942 ## - ADDED ENTRY ELEMENTS (KOHA)
Koha item type BOOK
Holdings
Withdrawn status Lost status Damaged status Not for loan Collection Home library Current library Date acquired Source of acquisition Cost, normal purchase price Inventory number Total Checkouts Full call number Barcode Date last seen Cost, replacement price Price effective from Koha item type
        CRC Fr. Agnel's C.Rodrigues College of Engineering Fr. Agnel's C.Rodrigues College of Engineering 17/03/2023 Book Service Syndicate 380.00 58 dt 11.06.2014   5.183 SKL 23208 17/03/2023 475.00   BOOK